|
|
|
|
| LEADER |
00785nam a2200205 a 4500 |
| 001 |
GR-MES13537 |
| 008 |
071019s gr 000 0 gre d |
| 040 |
|
|
|a GrPaTEI
|b gre
|c GR-PaULI
|
| 040 |
|
|
|a GrPaTEI
|b gre
|c GR-PaULI
|
| 082 |
|
0 |
|a 540
|2 21
|
| 245 |
0 |
0 |
|a Chemistry 4-d draw :
|b User's guide.
|
| 260 |
|
|
|a San Diego :
|b Chemlnnovation software, inc,
|c c1993-1998
|
| 300 |
|
|
|a 71σ. :
|b εικ. ;
|c 24εκ.
|
| 500 |
|
|
|a Περιλαμβάνει ευρετήριο.
|
| 650 |
|
0 |
|a Chemistry
|
| 650 |
|
4 |
|a Χημεία
|
| 942 |
|
|
|2 ddc
|
| 952 |
|
|
|0 0
|1 0
|2 ddc
|4 0
|6 540_000000000000000_CHE
|7 0
|9 271982
|a MSLG
|b MSLG
|c BSC
|d 2021-01-17
|e 24
|f 0
|g 0.00
|l 0
|o 540 CHE
|p 2420000016810
|r 2021-01-17 00:00:00
|t 1
|w 2021-01-17
|y BK15
|x 20071019 0 1
|x GrPaTEI
|
| 971 |
|
|
|a .b25795867
|b 15-04-20
|c 13-09-16
|
| 999 |
|
|
|c 157234
|d 157234
|